A la sombra de las dictaduras: la democracia en América Latina

Guardado en:
Detalles Bibliográficos
Autor principal: Rouquié, Alain (Autor)
Formato: Libro
Lenguaje:español
Publicado: Buenos Aires Fondo de Cultura Económica 2011
Edición:1a. ed
Colección:Obras de Política y Derecho
Materias:
Etiquetas: Agregar Etiqueta
Sin Etiquetas, Sea el primero en etiquetar este registro!

MARC

LEADER 00000cam a2200000 a 4500
001 UCE2974
003 CL-VaPUC
008 140807e20110000ag |||||||||||||||||spa|d
020 |a 9789505578702 
082 0 4 |a 321.8  |b ROU  |2 21 
100 0 |a Rouquié, Alain  |e author  |9 575515 
245 1 0 |a A la sombra de las dictaduras: la democracia en América Latina 
250 |a 1a. ed 
300 |a 360 p 
942 |c BK 
945 |d 20140807 14:45:00  |a dcastane 
260 |a Buenos Aires  |b Fondo de Cultura Económica  |c 2011 
650 0 |a Democracia  |9 255256 
650 0 |a Dictaduras  |9 343155 
650 7 |a FILOSOFIA POLITICA  |2 CL-VaPUC  |9 575516 
583 |a last modification  |c 20140807 14:45:00  |k Rodrigo Vera 
490 0 |a Obras de Política y Derecho 
999 |c 356488  |d 356486 
952 |0 0  |1 0  |3 erb  |4 0  |6 321_800000000000000_ROU_2011  |7 0  |8 A  |9 463861  |a BIBHIS  |b BIBHIS  |i 5093368  |l 1  |o 321.8 ROU 2011  |p 5093368  |r 2025-01-20  |s 2023-06-08  |w 2019-11-23  |y BK  |z Catalogado en:20140807  |k HIS 
952 |0 0  |1 0  |3 erb  |4 0  |6 321_800000000000000_ROU_2011  |7 0  |8 A  |9 463862  |a BIBHIS  |b BIBHIS  |i 5285402  |l 4  |o 321.8 ROU 2011  |p 5285402  |r 2025-01-20  |s 2023-06-23  |w 2019-11-23  |y BK  |z Catalogado en:20160512  |k HIS